000 00548nam a22001817a 4500
005 20140922150642.0
010 _aENG-110882
020 _a9789351431855
_c350.00
035 _aEN-94414
037 _bDBAD/PUB
082 _a346
100 _aNawneet Vibhaw
245 _aEnergy law and policy in India /
_cby Nawneet Vibhaw
260 _aGurgaon
_bLexis Nexis
_c2014
270 _a14th Floor, Building No.10, Tower-B, DLF Cyber City, Phase-II
_bGurgaon
_e122002
300 _axv,214p.
_c24cm(pbk)
942 _2ddc
_cEN
_mNAW
_h346
999 _c88714
_d88714